Doctrinas esenciales: Gaceta Jurídica. Derecho procesal
محفوظ في:
| المؤلف الرئيسي: | |
|---|---|
| مؤلفون آخرون: | |
| التنسيق: | كتاب |
| اللغة: | الإسبانية |
| منشور في: |
Santiago
Legal Publishing
2011
|
| الطبعة: | 1a. ed |
| الموضوعات: | |
| الوسوم: |
إضافة وسم
لا توجد وسوم, كن أول من يضع وسما على هذه التسجيلة!
|
MARC
| LEADER | 00000cam a2200000 a 4500 | ||
|---|---|---|---|
| 001 | UCG9561 | ||
| 003 | CL-VaPUC | ||
| 008 | 120323e20110000CL |||||||||||||||||spa|d | ||
| 020 | |a 9789562389907o.c | ||
| 020 | |a 9789563460278t.2 | ||
| 082 | 0 | 4 | |a 347.83 |b VER |2 21 |
| 100 | 0 | |a Verdugo Marinkovic, Mario |e author |9 561167 | |
| 700 | |a Hernández Emparanza, Domingo |e autor |9 561173 | ||
| 245 | 1 | 0 | |a Doctrinas esenciales: Gaceta Jurídica. Derecho procesal |
| 250 | |a 1a. ed | ||
| 300 | |a t | ||
| 942 | |c BK | ||
| 945 | |d 20120323 00:00:00 |a cmena | ||
| 260 | |a Santiago |b Legal Publishing |c 2011 | ||
| 500 | |a t.2: 1976-2010 | ||
| 650 | 0 | |a Derecho procesal |z Chile |9 454338 | |
| 650 | 0 | |a Ordenamiento jurídico |9 355371 | |
| 650 | 0 | |a Cosa juzgada |9 255091 | |
| 650 | 0 | |a Tribunales de justicia |9 328494 | |
| 650 | 0 | |a Pruebas |9 256249 | |
| 583 | |a last modification |c 20120323 11:52:00 |k Rodrigo Vera | ||
| 999 | |c 347108 |d 347106 | ||
| 952 | |0 0 |1 0 |4 0 |6 347_830000000000000_VER_2011 |7 0 |8 A |9 448220 |a BIBDER |b BIBDER |d 2019-11-22 |h t.2 |i 4833651 |l 1 |o 347.83 VER 2011 |p 4833651 |r 2025-03-27 |s 2025-03-27 |w 2019-11-22 |y BK |k DER | ||